MARC details
| 000 -LEADER |
| fixed length control field |
02694cam a2200337 i 4500 |
| 001 - CONTROL NUMBER |
| control field |
21548299 |
| 003 - CONTROL NUMBER IDENTIFIER |
| control field |
OSt |
| 005 - DATE AND TIME OF LATEST TRANSACTION |
| control field |
20260428103642.0 |
| 008 - FIXED-LENGTH DATA ELEMENTS--GENERAL INFORMATION |
| fixed length control field |
200601s2022 nyua j 001 0 eng |
| 010 ## - LIBRARY OF CONGRESS CONTROL NUMBER |
| LC control number |
2020024274 |
| 020 ## - INTERNATIONAL STANDARD BOOK NUMBER |
| International Standard Book Number |
9780071317511 |
| 020 ## - INTERNATIONAL STANDARD BOOK NUMBER |
| International Standard Book Number |
9781264136407 |
| Qualifying information |
(spiral bound) |
| 035 ## - SYSTEM CONTROL NUMBER |
| System control number |
21548299 |
| 040 ## - CATALOGING SOURCE |
| Original cataloging agency |
DLC |
| Language of cataloging |
eng |
| Description conventions |
rda |
| Transcribing agency |
Kenya Military Academy |
| Modifying agency |
DLC |
| 042 ## - AUTHENTICATION CODE |
| Authentication code |
pcc |
| 050 00 - LIBRARY OF CONGRESS CALL NUMBER |
| Classification number |
QA276.12 |
| Item number |
.N385 2013 |
| 082 00 - DEWEY DECIMAL CLASSIFICATION NUMBER |
| Classification number |
519.5 |
| Edition number |
23 |
| 100 1# - MAIN ENTRY--PERSONAL NAME |
| Personal name |
Navidi, William Cyrus, |
| Relator term |
author. |
| 245 10 - TITLE STATEMENT |
| Title |
Elementary statistics / |
| Statement of responsibility, etc. |
William Navidi, Colorado School of Mines, Barry Monk, Middle Georgia State University |
| 264 #1 - PRODUCTION, PUBLICATION, DISTRIBUTION, MANUFACTURE, AND COPYRIGHT NOTICE |
| Place of production, publication, distribution, manufacture |
New York, NY : |
| Name of producer, publisher, distributor, manufacturer |
McGraw-Hill, |
| Date of production, publication, distribution, manufacture, or copyright notice |
2013 |
| 300 ## - PHYSICAL DESCRIPTION |
| Extent |
various paging : |
| Other physical details |
color illustrations ; |
| Dimensions |
29 cm |
| 500 ## - GENERAL NOTE |
| General note |
Includes index. |
| 505 0# - FORMATTED CONTENTS NOTE |
| Formatted contents note |
Basic ideas -- Graphical summaries of data -- Numerical summaries of data -- Summarizing bivariate data -- Probability -- Discrete probability distributions -- The normal distribution -- Confidence intervals -- Hypothesis testing -- Two-sample confidence intervals -- Two-sample hypothesis tests -- Tests with qualitative data -- Inference in linear models -- Analysis of variance . |
| 520 ## - SUMMARY, ETC. |
| Summary, etc. |
"This book is designed for an introductory course in statistics. The mathematical prerequisite is basic algebra. In addition to presenting the mechanics of the subject, we have endeavored to explain the concepts behind them, in a writing style as straightforward, clear, and engaging as we could make it. As practicing statisticians, we have done everything possible to ensure that the material presented is accurate and correct. We believe that this book will enable instructors to explore statistical concepts in depth yet remain easy for students to read and understand. To achieve this goal, we have incorporated a number of useful pedagogical features: Features Check Your Understanding Exercises: After each concept is explained, one or more exercises are immeditely provided for students to be sure they are following the material. These exercises provide students with confidence that they are ready to go on, or alert them to the need to review the material just covered"-- |
| Assigning source |
Provided by publisher. |
| 650 #0 - SUBJECT ADDED ENTRY--TOPICAL TERM |
| Topical term or geographic name entry element |
Mathematical statistics |
| Form subdivision |
Textbooks. |
| 700 1# - ADDED ENTRY--PERSONAL NAME |
| Personal name |
Monk, Barry |
| Fuller form of name |
(Barry J.) |
| Relator term |
author. |
| 776 08 - ADDITIONAL PHYSICAL FORM ENTRY |
| Relationship information |
Online version: |
| Main entry heading |
Navidi, William, |
| Title |
Elementary statistics |
| Edition |
Fourth edition. |
| Place, publisher, and date of publication |
Dubuque : McGraw-Hill Education, [2022] |
| International Standard Book Number |
9781264136384 |
| Record control number |
(DLC) 2020024275 |
| 906 ## - LOCAL DATA ELEMENT F, LDF (RLIN) |
| a |
7 |
| b |
cbc |
| c |
orignew |
| d |
1 |
| e |
ecip |
| f |
20 |
| g |
y-gencatlg |
| 942 ## - ADDED ENTRY ELEMENTS (KOHA) |
| Source of classification or shelving scheme |
Library of Congress Classification |
| Koha item type |
Normal Collection |